000 00922nam a2200241 a 4500
001 000043233
005 20201002040738.0
008 140226s2013 dr ac r 000 0 spa d
020 _a9789945494075
040 _aDO-SdBNP
_bspa
_cBNPHU
082 _a341.759
_bR426L
110 2 _aRepública Dominicana.
_9447
240 1 0 _a[Leyes, etc.]
245 1 0 _aLey número 61-13 que establece el régimen jurídico del voluntariado en la República Dominicana :
_bgaceta oficial número 10713 del 25 de abril de 2013.
260 _aSanto Domingo :
_bVicepresidencia de la República,
_c2013.
300 _a60 p. :
_bil. ;
_c23 cm.
500 _aEdición promocional
590 _aInventariado, 2018/BT
650 4 _aVoluntariado
_xLegislación
_zRepública Dominicana
_970823
651 4 _aRepública Dominicana
_xLey 61-13
_970824
651 4 _aRepública Dominicana
_xLeyes
_916541
910 _aValidado. Control de calidad. EMS
999 _c42722
_d42722